[Event "34 R.G.Nezhmetdinov Cup"]
[Site "Êàçàíü, "]
[Date "2012.09.30"]
[Round "5.5"]
[White "Sharafiev, Azat"]
[Black "Savchenko, Boris"]
[Result "0-1"]
[WhiteElo "2414"]
[BlackElo "2523"]
[PlyCount "120"]
[EventDate "2013.??.??"]

1. d4 e6 2. e4 d5 3. Nd2 Nf6 4. e5 Ne4 5. Bd3 Nxd2 6. Bxd2 c5 7. Qg4 Qb6 8.
O-O-O Nc6 9. dxc5 Qxc5 10. Nf3 Bd7 11. Rhe1 Nb4 12. Kb1 Nxd3 13. cxd3 Qb6 14.
Be3 Qa6 15. Nd4 Ba4 16. Rd2 h5 17. Qh4 Be7 18. Bg5 Qa5 19. Rde2 Bc5 20. Rc1 Qb4
21. Nxe6 fxe6 22. Rxc5 Qxc5 23. Qxa4+ b5 24. Qa6 Qb6 25. Qa3 Qb7 26. Re3 Rf8
27. f4 Rc8 28. Qb3 Qb6 29. Re1 Rf7 30. a3 a6 31. Qd1 g6 32. g4 hxg4 33. Qxg4 b4
34. axb4 Rc6 35. Re2 Qxb4 36. Rc2 Rfc7 37. Qh3 Kd7 38. Qh7+ Kc8 39. Rxc6 Rxc6
40. Qxg6 Qe1+ 41. Ka2 Qa5+ 42. Kb1 Qd2 43. Ka2 Kb7 44. h4 Rc2 45. Qf7+ Rc7 46.
Qxe6 Qxd3 47. f5 a5 48. Bd8 Qc4+ 49. Kb1 Qe4+ 50. Ka2 Qa4+ 51. Kb1 Qd1+ 52. Ka2
Rc1 53. Qb6+ Kc8 54. Qa6+ Kxd8 55. Qb6+ Kc8 56. Qa6+ Kc7 57. Qxa5+ Kc6 58. Qa6+
Kc5 59. b4+ Kd4 60. Qa7+ Ke4 0-1

[Event "34 R.G.Nezhmetdinov Cup"]
[Site "Êàçàíü, "]
[Date "2012.09.30"]
[Round "5.6"]
[White "Burmakin, Vladimir"]
[Black "Chigaev, Maksim"]
[Result "1/2-1/2"]
[WhiteElo "2596"]
[BlackElo "2456"]
[PlyCount "84"]
[EventDate "2013.??.??"]

1. d4 Nf6 2. Nf3 g6 3. Bf4 Bg7 4. e3 O-O 5. Be2 d6 6. h3 c5 7. c3 Nc6 8. O-O b6
9. d5 Na5 10. Na3 a6 11. Rc1 b5 12. Re1 Bd7 13. Bf1 Bf5 14. Bd3 Nxd5 15. Bxf5
Nxf4 16. Be4 d5 17. exf4 dxe4 18. Rxe4 e6 19. Ne5 Qd5 20. Qxd5 exd5 21. Re2
Rfe8 22. Kf1 Rad8 23. Rd1 f6 24. Nd3 Bf8 25. Rxe8 Rxe8 26. b4 Nb7 27. Nc2 c4
28. Nc1 Nd6 29. Rxd5 Ne4 30. Ne2 f5 31. f3 Nf6 32. Rd1 Kf7 33. g4 Re6 34. Ned4
Rd6 35. Ne3 Rd8 36. Ke2 Nd5 37. Nxd5 Rxd5 38. Ke3 Bg7 39. Rd2 Bf6 40. Ne2 Ke6
41. Nd4+ Kf7 42. Ne2 Ke6 1/2-1/2

[Event "34 R.G.Nezhmetdinov Cup"]
[Site "Êàçàíü, "]
[Date "2012.09.30"]
[Round "5.7"]
[White "Frolyanov, Dmitry"]
[Black "Smirnov, Alexey"]
[Result "1-0"]
[WhiteElo "2560"]
[BlackElo "2420"]
[PlyCount "125"]
[EventDate "2013.??.??"]

1. e4 c5 2. Nf3 d6 3. d4 cxd4 4. Nxd4 Nf6 5. Nc3 a6 6. Be2 e5 7. Nb3 Be7 8. O-O
Be6 9. Bf3 Nbd7 10. a4 O-O 11. a5 Qc7 12. Be3 b5 13. axb6 Nxb6 14. Na5 Nc4 15.
Nxc4 Bxc4 16. Re1 Rab8 17. Na4 d5 18. exd5 Rfd8 19. Bg5 Nxd5 20. Qc1 f6 21. Bd2
Nb4 22. Nc3 f5 23. g3 a5 24. Bg2 Bf6 25. h4 Rd7 26. Bh3 g6 27. h5 Rf8 28. Bh6
Rff7 29. Rd1 Rxd1+ 30. Nxd1 Ba6 31. Bg2 Rd7 32. Nc3 e4 33. Bf4 Qd8 34. Bh3 Nc6
35. Bf1 Qc8 36. Qb1 Bxf1 37. Qa2+ Kh8 38. Rxf1 Qg8 39. Qa3 gxh5 40. Qc5 Nd4 41.
Kg2 Rf7 42. Nd5 Ne6 43. Qd6 Nxf4+ 44. Qxf4 Qg4 45. Ra1 Qxf4 46. Nxf4 Bxb2 47.
Rxa5 Bc1 48. Nxh5 h6 49. Ra6 Bg5 50. Rc6 Rd7 51. f4 exf3+ 52. Kxf3 Rd2 53. Nf4
Kg7 54. Nd3 Kf7 55. Nf4 Ke7 56. c4 Kd7 57. Ra6 Bxf4 58. Kxf4 Rf2+ 59. Ke5 Rf3
60. Rg6 h5 61. c5 Rc3 62. c6+ Rxc6 63. Rxc6 1-0

[Event "34 R.G.Nezhmetdinov Cup"]
[Site "Êàçàíü, "]
[Date "2012.09.30"]
[Round "5.8"]
[White "Predke, Alexandr"]
[Black "Yeletsky, Ivan"]
[Result "1-0"]
[WhiteElo "2496"]
[BlackElo "2099"]
[PlyCount "57"]
[EventDate "2013.??.??"]

1. c4 e6 2. Nc3 f5 3. d4 Nf6 4. e3 c6 5. Bd3 d5 6. Qc2 Bd6 7. Nge2 O-O 8. f3 b6
9. cxd5 Nxd5 10. a3 Bb7 11. Bd2 Nd7 12. O-O-O Qe7 13. g4 Nxc3 14. Bxc3 Nf6 15.
gxf5 exf5 16. e4 Nh5 17. e5 Bb8 18. f4 g6 19. d5 cxd5 20. Bb4 Qf7 21. Bxf8 Kxf8
22. Kb1 Bc7 23. Rc1 Rc8 24. Qa4 a5 25. Rc2 Ng7 26. Nd4 Ne6 27. Nxe6+ Qxe6 28.
Rhc1 Qe7 29. e6 1-0

[Event "34 R.G.Nezhmetdinov Cup"]
[Site "Êàçàíü, "]
[Date "2012.09.30"]
[Round "5.9"]
[White "Ponfilenok, Vladimir"]
[Black "Iskusnyh, Sergei"]
[Result "0-1"]
[WhiteElo "2392"]
[BlackElo "2486"]
[PlyCount "50"]
[EventDate "2013.??.??"]

1. d4 d5 2. Nf3 Nf6 3. c4 c6 4. e3 a6 5. Bd3 Bg4 6. h3 Bh5 7. O-O Nbd7 8. Nbd2
e6 9. b3 c5 10. Bb2 Be7 11. Qc2 Rc8 12. Rac1 dxc4 13. bxc4 O-O 14. Ne5 cxd4 15.
exd4 b5 16. f4 Bg6 17. Nxg6 hxg6 18. Qb3 bxc4 19. Nxc4 Nd5 20. a3 Rb8 21. Qa2
N7f6 22. g3 Bd6 23. Kh2 Nh5 24. Ne5 Bxe5 25. fxe5 Qg5 0-1

[Event "34 R.G.Nezhmetdinov Cup"]
[Site "Êàçàíü, "]
[Date "2012.09.30"]
[Round "5.10"]
[White "Yuzhakov, Oleg"]
[Black "Tunik, Gennady"]
[Result "1/2-1/2"]
[WhiteElo "2325"]
[BlackElo "2456"]
[PlyCount "93"]
[EventDate "2013.??.??"]

1. e4 c5 2. c3 Nf6 3. e5 Nd5 4. d4 cxd4 5. Nf3 Nc6 6. cxd4 d6 7. Bc4 dxe5 8.
Nxe5 e6 9. O-O Be7 10. Nxc6 bxc6 11. Nc3 O-O 12. Qd3 a5 13. Rd1 Qb6 14. Ne4 Ba6
15. b3 a4 16. Qg3 Qb8 17. Qh3 Bb5 18. Nc5 Bxc5 19. dxc5 Qe5 20. Rb1 Bxc4 21.
bxc4 Qe2 22. Bh6 Ne7 23. Bf4 Qxc4 24. Bd6 Rfe8 25. Qf3 Nf5 26. Qxc6 Qxa2 27.
Ra1 Qc4 28. Rdc1 Qa6 29. Qxa6 Rxa6 30. g4 Nxd6 31. cxd6 Rxd6 32. Rxa4 h6 33.
Rc7 Rf8 34. h4 g6 35. Kg2 Rd5 36. Kg3 h5 37. g5 Rb8 38. Rf4 Rf5 39. Rxf5 gxf5
40. g6 Kg7 41. gxf7 Rf8 42. f4 Rxf7 43. Rc8 Rf8 44. Rc7+ Kg6 45. Re7 Rg8 46.
Kf3 Kf6 47. Rh7 1/2-1/2

[Event "34 R.G.Nezhmetdinov Cup"]
[Site "Êàçàíü, "]
[Date "2012.09.30"]
[Round "5.11"]
[White "Sadykov, Ramil"]
[Black "Loskutov, Oleg"]
[Result "1-0"]
[WhiteElo "2234"]
[BlackElo "2422"]
[PlyCount "53"]
[EventDate "2013.??.??"]

1. e4 c5 2. Nf3 d6 3. d4 cxd4 4. Nxd4 Nf6 5. Nc3 a6 6. Bg5 e6 7. f4 Nc6 8. Nxc6
bxc6 9. e5 h6 10. Bh4 g5 11. fxg5 Nd5 12. Ne4 Qb6 13. c4 Qxb2 14. g6 fxg6 15.
exd6 Bg7 16. Rb1 Qe5 17. Bd3 Nf4 18. O-O Qd4+ 19. Kh1 Nxd3 20. Qg4 g5 21. Qh5+
Kd8 22. Nxg5 Kd7 23. Qf7+ Kxd6 24. Ne4+ Qxe4 25. Qe7+ Ke5 26. Qxg7+ Kd6 27.
Be7+ 1-0

[Event "34 R.G.Nezhmetdinov Cup"]
[Site "Êàçàíü, "]
[Date "2012.09.30"]
[Round "5.12"]
[White "Toropov, Pavel"]
[Black "Goganov, Aleksey"]
[Result "0-1"]
[WhiteElo "2261"]
[BlackElo "2525"]
[PlyCount "68"]
[EventDate "2013.??.??"]

1. e4 c5 2. Nf3 Nc6 3. Bb5 d6 4. d4 cxd4 5. Qxd4 Bd7 6. Bxc6 Bxc6 7. Nc3 h6 8.
Be3 Nf6 9. O-O-O e5 10. Qd3 Be7 11. Nd2 O-O 12. Nc4 Qc7 13. Bd2 b5 14. Ne3 b4
15. Ncd5 Nxd5 16. Nxd5 Bxd5 17. Qxd5 Rfc8 18. Qd3 a5 19. Kb1 Rab8 20. Rc1 Qb7
21. Rhd1 Rc5 22. Be3 Rb5 23. Rd2 a4 24. f3 Rc8 25. Qe2 d5 26. Rxd5 Rxd5 27.
exd5 Qxd5 28. Rd1 Qc6 29. Bc1 a3 30. bxa3 bxa3 31. c4 Rb8+ 32. Kc2 Qa4+ 33. Kd2
Bb4+ 34. Ke3 Bc5+ 0-1

[Event "34 R.G.Nezhmetdinov Cup"]
[Site "Êàçàíü, "]
[Date "2012.09.30"]
[Round "5.13"]
[White "Ivanov, Oleg"]
[Black "Timofeev, Artyom"]
[Result "1/2-1/2"]
[WhiteElo "2177"]
[BlackElo "2640"]
[PlyCount "78"]
[EventDate "2013.??.??"]

1. d4 Nf6 2. c4 g6 3. Nc3 d5 4. cxd5 Nxd5 5. e4 Nxc3 6. bxc3 Bg7 7. Bc4 c5 8.
Ne2 Nc6 9. Be3 O-O 10. O-O Qc7 11. Qc1 b6 12. dxc5 Bb7 13. cxb6 axb6 14. Rb1
Na5 15. Bd3 Nc4 16. Rb4 Ba6 17. Bh6 Nd2 18. Bf4 e5 19. Qxd2 Rfd8 20. Nd4 exf4
21. Bxa6 Rxa6 22. Qb2 f3 23. Nxf3 Bxc3 24. Qc1 Rxa2 25. Rb3 Rc8 26. Qe3 Ba5 27.
e5 Qc4 28. Rbb1 Kg7 29. h3 Re2 30. Qg5 Rc6 31. Qd8 Qe4 32. Rbc1 Bc3 33. Rxc3
Rxc3 34. Qf6+ Kg8 35. Qd8+ Kg7 36. Qf6+ Kg8 37. Qd8+ Kg7 38. Qf6+ Kg8 39. Qd8+
Kg7 1/2-1/2

[Event "34 R.G.Nezhmetdinov Cup"]
[Site "Êàçàíü, "]
[Date "2012.09.30"]
[Round "5.14"]
[White "Dvoirys, Semen I"]
[Black "Shaydullina, Sandugach"]
[Result "1-0"]
[WhiteElo "2533"]
[BlackElo "2162"]
[PlyCount "95"]
[EventDate "2013.??.??"]

1. e4 e5 2. Nf3 Nc6 3. Bb5 Nf6 4. O-O Nxe4 5. d4 Nd6 6. Bxc6 dxc6 7. dxe5 Nf5
8. Qxd8+ Kxd8 9. Nc3 Be6 10. Rd1+ Ke8 11. Ng5 Rd8 12. Rxd8+ Kxd8 13. Nxe6+ fxe6
14. Ne4 h6 15. f4 Be7 16. g4 Nh4 17. Be3 b6 18. Kf2 h5 19. h3 hxg4 20. hxg4 Ng6
21. Kg3 c5 22. Rd1+ Kc8 23. Nd2 Bh4+ 24. Kg2 Rf8 25. Rh1 Bd8 26. Kg3 Ne7 27.
Nf3 Nc6 28. c3 Rf7 29. Rh8 Kd7 30. Nh4 Bxh4+ 31. Kxh4 Ne7 32. Kg5 c4 33. Bd2 a5
34. a4 Kc6 35. Rd8 b5 36. axb5+ Kxb5 37. f5 exf5 38. Rd7 fxg4 39. Bf4 g3 40.
Bxg3 g6 41. Kg4 Rg7 42. e6 Nf5 43. Rxg7 Nxg7 44. e7 Kc6 45. Kg5 Kd7 46. Kxg6
Ne6 47. Kf6 Ke8 48. Kxe6 1-0

[Event "34 R.G.Nezhmetdinov Cup"]
[Site "Êàçàíü, "]
[Date "2012.09.30"]
[Round "5.15"]
[White "Elistratov, Semen"]
[Black "Vlasenko, Miroslav"]
[Result "1/2-1/2"]
[WhiteElo "2000"]
[BlackElo "2400"]
[PlyCount "97"]
[EventDate "2013.??.??"]

1. e4 Nc6 2. Nf3 d6 3. d4 Nf6 4. d5 Ne5 5. Nxe5 dxe5 6. Nc3 a6 7. f4 Qd6 8. Qf3
Nd7 9. Qg3 g6 10. fxe5 Nxe5 11. Bf4 Bg7 12. Be2 h5 13. h4 Bd7 14. O-O Bg4 15.
Kh1 O-O-O 16. Rab1 f6 17. b4 Bh6 18. Bxh6 Bxe2 19. Nxe2 Rxh6 20. Nd4 Ng4 21.
Qxd6 Rxd6 22. c4 c6 23. Ne6 Rh8 24. a4 cxd5 25. cxd5 Kb8 26. Kg1 Rc8 27. a5 Rc4
28. Nc5 Ne5 29. Rfc1 b5 30. Kf2 f5 31. Rxc4 Nxc4 32. exf5 gxf5 33. Re1 Rxd5 34.
Rxe7 Rd4 35. Rh7 Rf4+ 36. Ke2 Rxh4 37. Nxa6+ Kc8 38. Rh8+ Kb7 39. Nc5+ Ka7 40.
Rh7+ Ka8 41. g3 Rh2+ 42. Kf3 Ne5+ 43. Kf4 Nc6 44. Kxf5 Nxb4 45. Ke6 Rg2 46. Kd6
Rxg3 47. Rxh5 Rg6+ 48. Ne6 Nc6 49. Kxc6 1/2-1/2

[Event "34 R.G.Nezhmetdinov Cup"]
[Site "Êàçàíü, "]
[Date "2012.09.30"]
[Round "5.16"]
[White "Makhmutov, Rail"]
[Black "Glukhov, Alexander"]
[Result "1-0"]
[WhiteElo "2399"]
[BlackElo "2150"]
[PlyCount "99"]
[EventDate "2013.??.??"]

1. d4 d5 2. Nf3 Nf6 3. c4 c6 4. e3 e6 5. Nc3 Nbd7 6. Bd2 Bd6 7. Bd3 O-O 8. O-O
dxc4 9. Bxc4 e5 10. Bb3 Qe7 11. Qc2 e4 12. Ng5 Bxh2+ 13. Kxh2 Ng4+ 14. Kg1 Qxg5
15. Qxe4 Ndf6 16. Qf4 Qxf4 17. exf4 Nh6 18. d5 Rd8 19. Rfe1 Bf5 20. f3 Nxd5 21.
Nxd5 cxd5 22. Re7 Bd7 23. Bxd5 Bc6 24. Bxc6 bxc6 25. Ba5 Rd5 26. Rae1 f6 27.
Bc3 Rdd8 28. Rc7 Rdc8 29. Ree7 Rxc7 30. Rxc7 Nf5 31. Rxc6 Kf7 32. g4 Ne7 33.
Rc7 Ke6 34. f5+ Kd6 35. Rb7 a5 36. a4 Nd5 37. Rxg7 Nxc3 38. bxc3 Rc8 39. Rxh7
Rxc3 40. Kf2 Ra3 41. Rf7 Ke5 42. Re7+ Kf4 43. Re4+ Kg5 44. Kg3 Kh6 45. Re7 Ra1
46. Rf7 Rg1+ 47. Kf2 Ra1 48. Rxf6+ Kg5 49. Rc6 Rb1 50. Rc5 1-0

[Event "34 R.G.Nezhmetdinov Cup"]
[Site "Êàçàíü, "]
[Date "2012.09.30"]
[Round "5.17"]
[White "Gerasimov, Ivan"]
[Black "Zlachevskiy, Leonid"]
[Result "1/2-1/2"]
[WhiteElo "2330"]
[BlackElo "2124"]
[PlyCount "62"]
[EventDate "2013.??.??"]

1. c4 e5 2. Nc3 Nf6 3. g3 Bb4 4. Bg2 O-O 5. Nf3 Re8 6. O-O e4 7. Ne1 Nc6 8. Nc2
Bxc3 9. dxc3 d6 10. Bg5 h6 11. Bxf6 Qxf6 12. Ne3 Bf5 13. f4 Qg6 14. Qd5 Bd7 15.
Qd2 Ne7 16. Rab1 Rab8 17. Qe1 f5 18. Nc2 Be6 19. b3 h5 20. e3 Kf7 21. Nd4 Bd7
22. Ne2 Ng8 23. Kh1 Nf6 24. Ng1 Rh8 25. h4 Bc8 26. Nh3 Re8 27. Ng5+ Kg8 28. Qf2
Nh7 29. Nh3 Nf6 30. Ng5 Nh7 31. Nh3 Nf6 1/2-1/2

[Event "34 R.G.Nezhmetdinov Cup"]
[Site "Êàçàíü, "]
[Date "2012.09.30"]
[Round "5.18"]
[White "Faizrakhmanov, Ramil"]
[Black "Sarana, Alexey"]
[Result "1-0"]
[WhiteElo "2290"]
[BlackElo "2118"]
[PlyCount "73"]
[EventDate "2013.??.??"]

1. Nf3 c5 2. c4 Nc6 3. Nc3 g6 4. g3 Bg7 5. Bg2 e5 6. O-O d6 7. d3 Nge7 8. Ne1
Be6 9. Nc2 d5 10. cxd5 Nxd5 11. Ne3 Nde7 12. Bd2 O-O 13. a3 Nd4 14. Nc4 Rb8 15.
a4 b6 16. f4 Ndc6 17. Kh1 f5 18. fxe5 Nxe5 19. Bf4 N7c6 20. Bxc6 Nxc6 21. Bxb8
Qxb8 22. Ne3 g5 23. Ng2 Rf6 24. Qd2 Bh6 25. Rf2 Ne5 26. Re1 Ng4 27. Rff1 Qe8
28. Ne3 Ne5 29. d4 Qa8+ 30. Kg1 Nf7 31. d5 Bd7 32. Ne4 Qd8 33. Nxf6+ Qxf6 34.
Ng4 Qd6 35. Nxh6+ Qxh6 36. e4 Bxa4 37. Rxf5 1-0

[Event "34 R.G.Nezhmetdinov Cup"]
[Site "Êàçàíü, "]
[Date "2012.09.30"]
[Round "5.18"]
[White "Mirzanurov, Bulat"]
[Black "Hasangatin, Ramil"]
[Result "0-1"]
[WhiteElo "2208"]
[BlackElo "2503"]
[PlyCount "53"]
[EventDate "2013.??.??"]

1. d4 Nf6 2. c4 e6 3. Nc3 Bb4 4. f3 c5 5. d5 exd5 6. cxd5 d6 7. e4 O-O 8. Bd3
Nbd7 9. Nge2 Ne5 10. Bc2 Bd7 11. O-O c4 12. Be3 Re8 13. h3 Ba5 14. f4 Nd3 15.
Bxd3 cxd3 16. Qxd3 Qe7 17. e5 dxe5 18. fxe5 Qxe5 19. Bd4 Bb6 20. Bxb6 axb6 21.
Rae1 Rab8 22. Nd4 Qd6 23. Nf5 Qc5+ 24. Kh1 Rxe1 25. Rxe1 Qf2 26. Ne7+ Kf8 27.
Re2 0-1

[Event "34 R.G.Nezhmetdinov Cup"]
[Site "Êàçàíü, "]
[Date "2012.09.30"]
[Round "5.20"]
[White "Isajevsky, Anton"]
[Black "Shkuro, Alexandr"]
[Result "1-0"]
[WhiteElo "2427"]
[BlackElo "2030"]
[PlyCount "53"]
[EventDate "2013.??.??"]

1. c4 e5 2. Nc3 Nc6 3. g3 Nf6 4. Bg2 d6 5. d3 Be7 6. Nf3 O-O 7. O-O h6 8. a3
Be6 9. b4 Qd7 10. Re1 Bh3 11. Bh1 Ng4 12. Nd5 f5 13. Nd2 Bg5 14. e3 f4 15. Ne4
fxg3 16. hxg3 Rf7 17. f3 Nf6 18. f4 Nxe4 19. Bxe4 exf4 20. exf4 Bf6 21. Nxf6+
Rxf6 22. Bb2 Bg4 23. Qd2 Rff8 24. b5 Nd8 25. Re3 c6 26. Rae1 d5 27. Bxd5+ 1-0

[Event "34 R.G.Nezhmetdinov Cup"]
[Site "Êàçàíü, "]
[Date "2012.09.30"]
[Round "5.21"]
[White "Severina, Maria"]
[Black "Demianjuk, Alexander"]
[Result "1/2-1/2"]
[WhiteElo "2173"]
[BlackElo "2324"]
[PlyCount "79"]
[EventDate "2013.??.??"]

1. d4 Nf6 2. c4 g6 3. Nf3 Bg7 4. g3 O-O 5. Bg2 d6 6. O-O Nc6 7. Nc3 a6 8. b3
Rb8 9. Bb2 b5 10. cxb5 axb5 11. d5 Na5 12. Nd4 Bd7 13. a3 e5 14. Nc6 Nxc6 15.
dxc6 Be6 16. Nd5 Nxd5 17. Bxd5 Qe7 18. Qd2 f5 19. Bc3 e4 20. Bxg7 Kxg7 21. a4
bxa4 22. bxa4 Bxd5 23. Qxd5 Rb2 24. e3 Kf6 25. Qd4+ Qe5 26. Qa7 d5 27. Qc5 Ra8
28. a5 d4 29. exd4 Qxc5 30. dxc5 Rc2 31. Rfd1 Rxc5 32. Rd7 Rxc6 33. Rxh7 Raa6
34. h4 Ke5 35. Re7+ Kd6 36. Rg7 Ke5 37. Re7+ Kf6 38. Rh7 Ke6 39. Rg7 Kf6 40.
Rh7 1/2-1/2

[Event "34 R.G.Nezhmetdinov Cup"]
[Site "Êàçàíü, "]
[Date "2012.09.30"]
[Round "5.22"]
[White "Murtazin, Bulat"]
[Black "Shurakov, Denis"]
[Result "0-1"]
[WhiteElo "2012"]
[BlackElo "2280"]
[PlyCount "72"]
[EventDate "2013.??.??"]

1. d4 Nf6 2. c4 g6 3. Nc3 d5 4. Qb3 dxc4 5. Qxc4 Bg7 6. e4 O-O 7. Be2 Na6 8.
Nf3 c5 9. d5 e6 10. O-O exd5 11. exd5 Re8 12. Rd1 Bf5 13. Qh4 Ne4 14. Bxa6 Nxc3
15. bxc3 Qxh4 16. Nxh4 Bc2 17. Rd2 bxa6 18. Bb2 Be4 19. f3 Bh6 20. Rdd1 Bc2 21.
Bc1 Bg7 22. Bd2 Bxd1 23. Rxd1 c4 24. g3 Rad8 25. Bf4 Bxc3 26. Ng2 Bb2 27. Kf2
c3 28. Ne1 Rxe1 29. Rxe1 Rxd5 30. Bh6 f6 31. Re8+ Kf7 32. Rc8 Rh5 33. Bf4 Rxh2+
34. Ke3 g5 35. Rc7+ Kg6 36. Kd3 gxf4 0-1

[Event "34 R.G.Nezhmetdinov Cup"]
[Site "Êàçàíü, "]
[Date "2012.09.30"]
[Round "5.23"]
[White "Ismailov, Mukhit"]
[Black "Nizamov, Bulat"]
[Result "1-0"]
[WhiteElo "2209"]
[BlackElo "1901"]
[PlyCount "63"]
[EventDate "2013.??.??"]

1. d4 d5 2. c4 c6 3. Nf3 Nf6 4. e3 e6 5. b3 dxc4 6. bxc4 c5 7. Be2 cxd4 8. Nxd4
Bb4+ 9. Bd2 Bxd2+ 10. Nxd2 O-O 11. O-O e5 12. Nb5 Bd7 13. Nf3 Nc6 14. Qb1 Qb8
15. Rd1 e4 16. Nd2 Re8 17. c5 Re5 18. Nd6 Rxc5 19. N2xe4 Nxe4 20. Qxe4 Be6 21.
Rab1 b6 22. Bf3 Qf8 23. Rbc1 Rxc1 24. Rxc1 Qxd6 25. Rxc6 Qd2 26. h4 Rd8 27. Rc2
Qa5 28. a4 g6 29. h5 Qg5 30. Rc7 gxh5 31. Rxa7 Kg7 32. Qxe6 1-0

[Event "34 R.G.Nezhmetdinov Cup"]
[Site "Êàçàíü, "]
[Date "2012.09.30"]
[Round "5.24"]
[White "Sazonova, Anastasia"]
[Black "Arslanov, Shamil"]
[Result "0-1"]
[WhiteElo "2067"]
[BlackElo "2416"]
[PlyCount "100"]
[EventDate "2013.??.??"]

1. e4 e6 2. d3 d5 3. Qe2 Nc6 4. Nf3 e5 5. exd5 Qxd5 6. Nc3 Bb4 7. Bd2 Bxc3 8.
Bxc3 Bg4 9. Qe4 Bxf3 10. Qxf3 Qxf3 11. gxf3 f6 12. Bd2 Nd4 13. O-O-O Nxf3 14.
Bg2 Nxd2 15. Bxb7 Rb8 16. Bc6+ Kf8 17. Rxd2 Ne7 18. Bg2 c5 19. c3 Nf5 20. Re1
Ke7 21. Bh3 Nh4 22. Re3 g5 23. d4 Rhd8 24. b3 cxd4 25. cxd4 h5 26. f3 Rb5 27.
dxe5 Rxe5 28. Rxd8 Rxe3 29. Rd7+ Ke8 30. Rxa7 f5 31. Rh7 Rxf3 32. Bxf5 Rxf5 33.
Rxh5 Kf7 34. a4 Kg6 35. Rh8 Rf2 36. a5 Rxh2 37. b4 Ra2 38. Kb1 Ra4 39. Rb8 g4
40. Kb2 Kg5 41. Kb3 Ra1 42. Kb2 g3 43. Kxa1 g2 44. Rb6 g1=Q+ 45. Kb2 Nf3 46.
Kb3 Qe3+ 47. Kc4 Ne5+ 48. Kb5 Qd3+ 49. Ka4 Qd7+ 50. Kb3 Qd1+ 0-1

[Event "34 R.G.Nezhmetdinov Cup"]
[Site "Êàçàíü, "]
[Date "2012.09.30"]
[Round "5.26"]
[White "Merkushev, Dmitry"]
[Black "Rumiantseva, Ksenia"]
[Result "1-0"]
[WhiteElo "2130"]
[BlackElo "1913"]
[PlyCount "45"]
[EventDate "2013.??.??"]

1. d4 d5 2. Bf4 Nf6 3. e3 e6 4. Nf3 Bd6 5. Bd3 Bxf4 6. exf4 Qd6 7. Qc1 O-O 8.
O-O c5 9. c3 Nc6 10. Ne5 cxd4 11. Nxc6 Qxc6 12. cxd4 Qb6 13. Rd1 Kh8 14. Nc3
Qxd4 15. Bxh7 Qb6 16. Bb1 Bd7 17. Rd3 g6 18. f5 Ng4 19. Qf4 Qxb2 20. Qxg4 Qxa1
21. Qh4+ Kg7 22. f6+ Kg8 23. Qh6 1-0

[Event "34 R.G.Nezhmetdinov Cup"]
[Site "Êàçàíü, "]
[Date "2012.09.30"]
[Round "5.27"]
[White "Jusupov, Tabris"]
[Black "Charochkina, Daria"]
[Result "0-1"]
[WhiteElo "1954"]
[BlackElo "2366"]
[PlyCount "52"]
[EventDate "2013.??.??"]

1. d4 Nf6 2. c4 g6 3. Nc3 d5 4. cxd5 Nxd5 5. Bd2 Bg7 6. e4 Nb6 7. Be3 O-O 8.
Nf3 Bg4 9. d5 c6 10. dxc6 Nxc6 11. Qxd8 Rfxd8 12. Bb5 Bxf3 13. gxf3 Nd4 14.
Bxd4 Rxd4 15. Ke2 Rb4 16. Rab1 Rc8 17. Kd2 Rxb2+ 18. Rxb2 Bxc3+ 19. Kc2 Bxb2+
20. Kxb2 a6 21. Be2 Na4+ 22. Kb3 b5 23. Bd1 a5 24. a3 Rc3+ 25. Ka2 Rc1 26. Kb3
Nc3 0-1

[Event "34 R.G.Nezhmetdinov Cup"]
[Site "Êàçàíü, "]
[Date "2012.09.30"]
[Round "5.28"]
[White "Malygin, Alexander"]
[Black "Trapeznikova, Darya"]
[Result "1-0"]
[WhiteElo "2200"]
[BlackElo "2069"]
[PlyCount "37"]
[EventDate "2013.??.??"]

1. e4 c6 2. d4 d5 3. Nc3 dxe4 4. Nxe4 Nf6 5. Ng3 g6 6. Nf3 Bg7 7. Be2 c5 8. O-O
Nc6 9. dxc5 Qa5 10. Be3 Ng4 11. Bd4 e5 12. Bc3 Qxc5 13. Ne4 Qe7 14. Nd6+ Kf8
15. Bc4 f5 16. Nf7 Rg8 17. N3g5 Nf6 18. Nxe5 Nxe5 19. Bb4 1-0

[Event "34 R.G.Nezhmetdinov Cup"]
[Site "Êàçàíü, "]
[Date "2012.10.01"]
[Round "6.1"]
[White "Savchenko, Boris"]
[Black "Vorobiov, Evgeny E"]
[Result "1-0"]
[WhiteElo "2523"]
[BlackElo "2594"]
[PlyCount "65"]
[EventDate "2013.??.??"]

1. d4 Nf6 2. c4 e6 3. Nf3 d5 4. Nc3 dxc4 5. e3 c5 6. Bxc4 a6 7. a4 Nc6 8. O-O
Be7 9. Qe2 cxd4 10. Rd1 e5 11. exd4 exd4 12. Nxd4 Nxd4 13. Qe5 Qd6 14. Qxd6
Bxd6 15. Rxd4 Bc5 16. Rd3 O-O 17. Be3 Bxe3 18. Rxe3 Bd7 19. Re7 b5 20. axb5
axb5 21. Bxf7+ Kh8 22. Rxa8 Rxa8 23. f3 g6 24. Ne4 Nxe4 25. fxe4 Bc6 26. Kf2
Ra1 27. Ke3 Rf1 28. Rc7 Ba8 29. Bb3 Rf8 30. Bd5 Bxd5 31. exd5 Kg8 32. b4 Rf6
33. Rb7 1-0

[Event "34 R.G.Nezhmetdinov Cup"]
[Site "Êàçàíü, "]
[Date "2012.10.01"]
[Round "6.2"]
[White "Yandemirov, Valeri"]
[Black "Grigoriants, Sergey"]
[Result "0-1"]
[WhiteElo "2398"]
[BlackElo "2578"]
[PlyCount "88"]
[EventDate "2013.??.??"]

1. e4 c5 2. Nf3 e6 3. c3 d5 4. e5 Nc6 5. d4 Bd7 6. Be2 Nge7 7. Na3 Nf5 8. Nc2
Rc8 9. O-O cxd4 10. cxd4 Qb6 11. Bd3 Nb4 12. Nxb4 Bxb4 13. Bxf5 exf5 14. Bd2
Be7 15. Bg5 Bxg5 16. Nxg5 h6 17. Nf3 Qxb2 18. Rb1 Qxa2 19. Rxb7 Be6 20. Qa1
Qxa1 21. Rxa1 O-O 22. Rbxa7 Rc4 23. h4 f4 24. Ra8 Rxa8 25. Rxa8+ Kh7 26. Ra2
Bg4 27. Ra5 Bxf3 28. gxf3 Rxd4 29. Ra7 Kg6 30. h5+ Kxh5 31. Rxf7 Kg6 32. Rd7
Rd1+ 33. Kg2 d4 34. e6 Kf6 35. Rf7+ Kxe6 36. Rxf4 Kd5 37. Rf7 g5 38. Rh7 d3 39.
Rxh6 Re1 40. Rh8 Re6 41. Kf1 Kc4 42. Rc8+ Kb3 43. Rd8 Kc2 44. Rc8+ Kd1 0-1

[Event "34 R.G.Nezhmetdinov Cup"]
[Site "Êàçàíü, "]
[Date "2012.10.01"]
[Round "6.3"]
[White "Volkov, Sergey"]
[Black "Onischuk, Vladimir"]
[Result "1-0"]
[WhiteElo "2575"]
[BlackElo "2547"]
[PlyCount "77"]
[EventDate "2013.??.??"]

1. d4 d6 2. c4 g6 3. Nc3 Bg7 4. e4 Nf6 5. Be2 O-O 6. Nf3 Nbd7 7. O-O e5 8. Re1
c6 9. Bf1 b6 10. Rb1 Bb7 11. b4 exd4 12. Nxd4 Re8 13. Bg5 h6 14. Bh4 Qc7 15. f3
a6 16. Rc1 c5 17. Nd5 Bxd5 18. cxd5 b5 19. bxc5 Nxc5 20. Nc6 Nfd7 21. Qd2 Kh7
22. Bg3 Rac8 23. Kh1 h5 24. Bf4 Bf8 25. Red1 Ne5 26. Nxe5 dxe5 27. Be3 Red8 28.
Rc3 Qb7 29. g3 Na4 30. Rxc8 Rxc8 31. Bh3 Rc3 32. d6 Bxd6 33. Qxd6 Rxe3 34. Qf6
Qc7 35. Bd7 Qc4 36. Be8 Rd3 37. Rxd3 Qxd3 38. Qxf7+ Kh8 39. Qf6+ 1-0

[Event "34 R.G.Nezhmetdinov Cup"]
[Site "Êàçàíü, "]
[Date "2012.10.01"]
[Round "6.4"]
[White "Ibragimov, Ildar"]
[Black "Pasiev, Rakhim"]
[Result "1/2-1/2"]
[WhiteElo "2546"]
[BlackElo "2333"]
[PlyCount "69"]
[EventDate "2013.??.??"]

1. c4 e5 2. Nc3 Nc6 3. Nf3 Nf6 4. g3 g6 5. Bg2 Bg7 6. O-O O-O 7. d3 d6 8. Rb1
Nd4 9. b4 c6 10. Bg5 h6 11. Bxf6 Bxf6 12. b5 Nxf3+ 13. Bxf3 c5 14. e3 Bg7 15.
Kg2 f5 16. Bd5+ Kh7 17. Ne2 Qe7 18. Qd2 g5 19. f4 Be6 20. Bxe6 Qxe6 21. Nc3
exf4 22. exf4 Bxc3 23. Qxc3 Rae8 24. Rbe1 Qf7 25. Rf2 b6 26. Qd2 Rxe1 27. Qxe1
Re8 28. Re2 Rxe2+ 29. Qxe2 gxf4 30. gxf4 Qg7+ 31. Kh3 Qf7 32. Kg3 Qg7+ 33. Kh3
Qf7 34. Kg3 Qg7+ 35. Kh3 1/2-1/2

[Event "34 R.G.Nezhmetdinov Cup"]
[Site "Êàçàíü, "]
[Date "2012.10.01"]
[Round "6.5"]
[White "Chigaev, Maksim"]
[Black "Frolyanov, Dmitry"]
[Result "1/2-1/2"]
[WhiteElo "2456"]
[BlackElo "2560"]
[PlyCount "81"]
[EventDate "2013.??.??"]

1. e4 e5 2. Nf3 Nf6 3. Nc3 Nc6 4. g3 d5 5. exd5 Nxd5 6. Bg2 Nxc3 7. bxc3 Bd6 8.
O-O O-O 9. Re1 Bf5 10. h3 Rb8 11. d3 Kh8 12. Be3 Be7 13. d4 exd4 14. Nxd4 Nxd4
15. Bxd4 b6 16. Qf3 Bg6 17. Rad1 Bd6 18. c4 Re8 19. Qc3 Rxe1+ 20. Rxe1 Qf8 21.
Be5 f6 22. Bxd6 Qxd6 23. Be4 Bf7 24. Bd5 Bg6 25. Be4 Be8 26. Bf3 Ba4 27. Qe3 h6
28. Qd3 Re8 29. Rxe8+ Bxe8 30. Qe4 Qd8 31. Qe6 Qd7 32. Qe4 Bf7 33. Qa8+ Kh7 34.
Be4+ f5 35. Bd3 a5 36. Qf8 g6 37. h4 Qe8 38. Qxe8 Bxe8 39. f4 Kg7 40. Kf2 Kf6
41. Ke3 1/2-1/2